00397nam a2200145Ia 4500008004100000020001800041041000800059082001600067100001300083245008000096260003700176300000800213365001700221700001300238230714s9999 xx 000 0 und d a9780000000000 aeng a006.31bFLA aFlach P. aMachine LearningbThe Art And Science Of Algorithms That Make Sense Of Data c2012bCambridge University Press a396 cRs.b1595.00 aFlach P.